Suomalaisia, joilla on K-alkuiset nimikirjaimet - Statistics

Yleistilastot
  • Tätä visaa on pelattu 187 kertaa
  • Keskiarvotulos 12 / 22
Vastaustilastot
Vihje Henkilö % Oikein
KK Suomen tasavallan neljäs presidentti 1937-1940 Kyösti Kallio
89%
KT Yksi Suomen eniten levyttäneistä soololaulajista, jonka hittejä olivat mm. "Myrskyn jälkeen" ja "Olen suomalainen" Kari Tapio
87%
KR Formula 1-autoilun maailmanmestari vuodelta 2007, lempinimeltään Iceman Kimi Räikkönen
86%
KS Suomen tasavallan ensimmäinen presidentti 1919-1925 Kaarlo Juho Ståhlberg
82%
KA MTV3-kanavan uutistenlukija, joka putosi tuolilta Kirsi Alm-Siira
82%
KN Muotisuunnittelija, jonka pukuja on nähty runsaasti Linnan juhlissa. Iivon ja Kertun sisko. Katri Niskanen
80%
KP Omaelämänkerrallisesta Iijoki-sarjasta tunnettu kirjailija Kalle Päätalo
65%
KY Sijoittui toiseksi Idols-kilpailun toisella tuotantokaudella 2005 Katri Ylander
65%
KM Suomen kenties tunnetuin oopperalaulaja, joka on palkittu kahdella Grammy-palkinnolla Karita Mattila
60%
KH 1960-luvulta asti levyttänyt iskelmälaulaja ja Suomen kaksinkertainen euroviisuedustaja Katri Helena
60%
KB Iskelmälaulaja, joka muistetaan paremmin nimellä Kirka Kirill Babitzin
58%
KO Ohjaaja Aki Kaurismäen luottonäyttelijätär. Kolminkertainen Jussi-palkinnon voittaja Kati Outinen
53%
KL Raid-rikosdraaman pääroolista tunnettu näyttelijä Kai Lehtinen
51%
KV Kahdesti dopingista kärähtänyt hiihtäjä ja ampumahiihtäjä Kaisa Varis
51%
KW Finlandia-palkittu suomenruotsalainen kirjailija Kjell Westö
48%
KU Historiallisista romaaneistaan tunnettu kirjailija Kaari Utrio
42%
KC Säveltäjä, joka tunnetaan erityisesti poliittisista lauluistaan Kaj Chydenius
30%
KE Näyttelijätär, joka esiintyi erityisen paljon komediaelokuvissa Kristiina Elstelä
30%
KD Lukuisista rikoksista tuomittu saksalais-suomalainen liikemies. Megaupload-palvelun perustaja Kim Dotcom
24%
KJ Kansanmusiikin säveltäjä ja mestaripelimanni Konsta Jylhä
21%
KF Suomen ja Viron käskynhaltija, joka kukisti nuijamiehet Klaus Fleming
13%
KG Pappi, joka keräsi kansanrunoutta Kristfrid Ganander
4%
Ehtoja vastaavia visoja ei löytynyt
Tulosjakauma
Jokaisen tuloksen saaneiden osuus
Persentiili vastausten määrän mukaan
Tuloshistoriasi
Et ole pelannut tätä visaa